Kde je zakopán slon aneb co brání rozvoji e-businessu
Úspešnému rozvoju e-businessu bráni okrem ekonomických vplyvov rovnako poskytovatelia služieb ako aj samotní zákazníci. Príčiny nedostatočnej ponuky elektronických služieb a malého dopytu po ich využití.
Uložené v:
| Médium: | Kapitola |
|---|---|
| Jazyk: | Czech |
| Predmet: | |
| Tagy: |
Žiadne tagy, Buďte prvý, kto otaguje tento záznam!
|
MARC
| LEADER | 00000naa a2200000 4500 | ||
|---|---|---|---|
| 001 | r043121 | ||
| 005 | 20231004065804.4 | ||
| 041 | 0 | |a cze | |
| 044 | |a CZ | ||
| 245 | 1 | 0 | |a Kde je zakopán slon aneb co brání rozvoji e-businessu |
| 520 | |a Úspešnému rozvoju e-businessu bráni okrem ekonomických vplyvov rovnako poskytovatelia služieb ako aj samotní zákazníci. Príčiny nedostatočnej ponuky elektronických služieb a malého dopytu po ich využití. | ||
| 610 | 2 | 0 | |a obchod elektronický |
| 610 | 2 | 0 | |a podnikanie |
| 610 | 2 | 0 | |a technológie informačné |
| 610 | 2 | 0 | |a technológie komunikačné |
| 610 | 2 | 0 | |a používatelia |
| 610 | 2 | 0 | |a služby |
| 610 | 2 | 0 | |a zákazníci |
| 610 | 2 | 0 | |a ponuka |
| 610 | 2 | 0 | |a dopyt |